000 00330cam a2200133 4500
008 040406n2005 000 0 eng u
020 _a1842191985
035 _a(Sirsi) u126952
245 _aIsurv planning
260 _bRICS
_c2005
490 _aRICS Isurv.co.uk Series
520 _aDue for publication May 2005
942 _n0
999 _c103690
_d103690